The Decline of Life (Record no. 609644)

MARC details
000 -LEADER
fixed length control field 00496nam a22001697a 4500
008 - FIXED-LENGTH DATA ELEMENTS--GENERAL INFORMATION
fixed length control field 260201b |||||||| |||| 00| 0 eng d
020 ## - INTERNATIONAL STANDARD BOOK NUMBER
ISBN 9780521815802
Paper back/Hardbound pbk
082 ## - DEWEY DECIMAL CLASSIFICATION NUMBER
Classification number 305.260
Item number OTT
100 ## - MAIN ENTRY--AUTHOR NAME
Personal name R. Ottaway,Susannah
245 ## - TITLE STATEMENT
Title The Decline of Life
Sub Title Old Age in Eighteenth-Century England: 39
260 ## - PUBLICATION, DISTRIBUTION, ETC. (IMPRINT)
Place of publication Cambridge
Name of publisher Cambridge Univ Pr
Year of publication ‎ 23 February 2004
300 ## - PHYSICAL DESCRIPTION
Number of Pages xiv 322 p.
504 ## - BIBLIOGRAPHY, ETC. NOTE
Bibliography, etc Includes index
650 ## - SUBJECT ADDED ENTRY--TOPICAL TERM
Topical Term Susannah R. Ottaway
942 ## - ADDED ENTRY ELEMENTS (KOHA)
Koha item type English Books
Holdings
Withdrawn status Lost status Damaged status Not for loan Home library Current library Shelving location Date acquired Full call number Accession Number Price effective from Koha item type
        Anna Centenary Library Anna Centenary Library 3RD FLOOR, B WING 18.08.2010 305.260 OTT 283781 01.02.2026 English Books
        Anna Centenary Library Anna Centenary Library   01.02.2026 305.260 OTT   01.02.2026 English Books

Find us on the map